01370nam a22002057a 4500003000500000005001700005008004100022020001800063041001200081082001700093100002400110245004700134250001600181260003200197300003300229505022300262650003500485650004200520520060200562CUTN20181010150425.0181010b xxu||||| |||| 00| 0 eng d a9788126510566 aEnglish a621.384bMOL aMolisch, Andreas F. aWireless communicationscAndreas F Molisch astudent ed. aNew Delhi :bWiley, c2005. axlvi, 622 p.:bill.;c22 cm. tpt. 1. Introduction -- tpt. 2. Wireless propagation channels -- tpt. 3. Transceivers and signal processing -- tpt. 4. Multiple access and advanced transceiver schemes -- tpt. 5. Standardized wireless systems.  aWireless communication systems aSignal processing--Digital techniques a"Professor Andreas F. Molisch, renowned researcher and educator, has put together the comprehensive book, Wireless Communications. The second edition, which includes a wealth of new material on important topics, ensures the role of the text as the key resource for every student, researcher, and practitioner in the field."-Professor Moe Win, MIT, USA Wireless communications has grown rapidly over the past decade from a niche market into one of the most important, fast moving industries. Fully updated to incorporate the latest research and developments, Wireless Communications, Second Edition